000 00455nam a2200193Ia 4500
008 170705s9999 xx 000 0 und d
020 _a9780439560528
245 4 _aThe fishy field trip /
245 _cby Martin Schwabacher.
260 _aNew York :
260 _bScholastic,
260 _c2004
300 _a103 pages :
300 _billustrations ;
300 _c19cm.
440 _aThe magic school bus ;
440 _v18
500 _a700
999 _c337195
_d337195